Easiest General Knowledge Ever - Statistics

General Stats
  • This quiz has been taken 98 times
  • The average score is 10 of 10
Answer Stats
Question Answer % Correct
What is the capital of the USA? Washington D.C
100%
How many days are in February? 28
99%
What holiday is celebrated on December 25th? Christmas
99%
Who is the current president of the USA? Joe Biden
98%
What are you afraid of if you have arachnophobia? Spiders
98%
What is 7 x 9? 63
94%
What is the second planet in the Solar System? Venus
94%
Who is the author of Romeo and Juliet? William Shakespeare
93%
Which galaxy do we live in? Milky Way
92%
How many people live on earth (to the nearest billion) 8
91%
No matching quizzes found
Score Distribution
Percent of People with Each Score
Percentile by Number Answered
Your Score History
You have not taken this quiz